00848nam a2200253 a 450000100060000000300090000600500170001500800410003202000180007304000280009104100130011904300180013208200090015010000310015924500910019026000360028130000280031765000330034570000440037885200120042294200120043499900170044695201310046325054CO-ViMGA20230915232040.0141112s2004 ck r 000 u spa d a9788496646544 aCO-ViMGAbspacCO-ViMGA aspa ger ae - gx - - - 04aSCHy1 aSchèossow, Peter.93815310aYo contigo y tú conmigo / cPeter Schossow ; traducción de L. Rodríguez López. aSalamanca : bLóguez, c2010. a[32] p. : il. ; 16 cm.14aCuentos infantiles alemanes.1 aRodríguez Rodríguez, L., tr.938154 1.908.96 2ddccBK c32697d32697 00102ddc40708008aMEVIECARbMEVIECARd2015-12-04h06/jun/2013l0oSCHy p25972r2019-04-08 00:00:00tEj. 1w2015-12-04yBK